Upwardly mobile (Record no. 79098)
[ view plain ]
| 000 -LEADER | |
|---|---|
| fixed length control field | 01004cab a22002055a 4500 |
| 001 - CONTROL NUMBER | |
| control field | L139834 |
| 008 - FIXED-LENGTH DATA ELEMENTS--GENERAL INFORMATION | |
| fixed length control field | 070814e20070726xxkd f 000 0 eng d |
| 035 ## - SYSTEM CONTROL NUMBER | |
| System control number | (Sirsi) u139834 |
| 041 0# - LANGUAGE CODE | |
| Language code of text/sound track or separate title | eng |
| 110 2# - MAIN ENTRY--CORPORATE NAME | |
| Corporate name or jurisdiction name as entry element | Institution of Civil Engineers |
| 9 (RLIN) | 1402 |
| 245 00 - TITLE STATEMENT | |
| Title | Upwardly mobile |
| 260 ## - PUBLICATION, DISTRIBUTION, ETC. | |
| Date of publication, distribution, etc. | 2007 |
| 490 #0 - SERIES STATEMENT | |
| Series statement | New Civil Engineer |
| Volume/sequential designation | 26 July 2007, 20-23(4) |
| 520 ## - SUMMARY, ETC. | |
| Summary, etc. | The ICE salary survey 2006-07 shows that engineers are experiencing sound pay rises, with the average basic salary for engineers at £44 250 and the average total income at £48 180, up 12% from two years ago. The survey also reveals high levels of job satisfaction, with 70% of respondents happy with their employer and the variety of work. Tables show change in salary between 2004 and 2007 by level of responsibility, membership grade, field of work, and region. |
| 590 ## - LOCAL NOTE (RLIN) | |
| Local note | KA |
| 650 24 - SUBJECT ADDED ENTRY--TOPICAL TERM | |
| Topical term or geographic name entry element | INSTITUTION OF CIVIL ENGINEERS SALARY SURVEY |
| 651 #4 - SUBJECT ADDED ENTRY--GEOGRAPHIC NAME | |
| Geographic name | United Kingdom |
| Chronological subdivision | |
| 690 ## - LOCAL SUBJECT ADDED ENTRY--TOPICAL TERM (OCLC, RLIN) | |
| Topical term or geographic name as entry element | BUILT ENVIRONMENT-ENGINEERING |
| 942 ## - ADDED ENTRY ELEMENTS (KOHA) | |
| Suppress in OPAC | 0 |
| Withdrawn status | Lost status | Source of classification or shelving scheme | Damaged status | Not for loan | Home library | Current library | Shelving location | Date acquired | Total Checkouts | Full call number | Barcode | Date last seen | Copy number | Price effective from | Koha item type |
|---|---|---|---|---|---|---|---|---|---|---|---|---|---|---|---|
| Dewey Decimal Classification | London | London | Journal article | 14/08/2007 | L139834 | 139834-1001 | 06/08/2019 | 1 | 06/08/2019 | Journal article |